00339nam a2200145Ia 45000030006000000080041000060400015000471000018000622450029000802500006001092600041001153000006001565460014001620050017001760STCL150530s9999 xx 000 0 und d aSTCLcSTCL aHabib Valapad aOrammayum Randu Makkalum a1 bKerala Book House ; Cranganorec1966 a0 aMalayalam20220125171651.0